01100nam a22002657a 450000500170000000800410001702000220005802000190008005000270009908200220012610000320014824000280018024501220020825000180033026000450034830000770039333600100047033700140048033800140049450000560050850501560056465000290072070000310074970000540078020231102152033.0120625s2008 mx adb 001 0 spa d a13: 9789706868275 a10: 9706868275 4aHF1009.5 b C9518 2008 a380.1bC858m 20081 aCzinkota, Michael R.eautor10aInternational Marketing10aMarketing internacionalc/ Michael R. Czinkota y Ilkka A. Ronkainen ; traduccion Erika M. Jasso Hernán D'Borneville a8a. edición aMéxico : b : Cengage Learningc, 2008 axxxii, 646 páginas [pag. varía]b: ilustraciones , gráficas, mapas atexto asin medio avolúmen aIncluye: índice de nombres; índice temático 2 aEl entorno del marketing internacional Ingreso y desarrollo en el mercado internacional Mezcla de marketing de exportación Mezcla de marketing Global14aMERCADO DE EXPORTACIÓN aRonkainen, Ilkka A.eautor aJasso Hernán D'Borneville, Erika M.etraductora